| Tag |
First Indicator |
Second Indicator |
Subfields |
| LEADER |
00000cam a2200000 i 4500 |
| 001 |
in00005697021 |
| 005 |
20260318164137.1 |
| 006 |
m o d |
| 007 |
cr ||||||||||| |
| 008 |
220214t20222022nyu fob 001 0 eng d |
| 040 |
|
|
|a STBDS
|b eng
|e rda
|e pn
|c STBDS
|d OCLCF
|d IUL
|d OCLCQ
|d OCLCO
|d OCLCL
|d SFB
|d OCLCO
|d FIE
|d UAB
|d YDX
|d K6U
|
| 019 |
|
|
|a 1322107162
|
| 020 |
|
|
|a 9780197624111
|q (ebook)
|
| 020 |
|
|
|a 0197624111
|q (ebook)
|
| 020 |
|
|
|z 9780197624081
|q (print)
|
| 020 |
|
|
|z 0197624081
|
| 035 |
|
|
|a (OCoLC)1321044477
|z (OCoLC)1322107162
|
| 050 |
|
4 |
|a JA76
|
| 082 |
0 |
4 |
|a 306.201
|2 23
|
| 049 |
|
|
|a TXAM
|
| 100 |
1 |
|
|a Avgousti, Andreas,
|e author.
|
| 245 |
1 |
0 |
|a Recovering reputation :
|b Plato and demotic power /
|c Andreas Avgousti.
|
| 264 |
|
1 |
|a New York, NY :
|b Oxford University Press,
|c [2022]
|
| 264 |
|
4 |
|c ©2022
|
| 300 |
|
|
|a 1 online resource (xiii, 250 pages)
|
| 336 |
|
|
|a text
|b txt
|2 rdacontent
|
| 337 |
|
|
|a computer
|b c
|2 rdamedia
|
| 338 |
|
|
|a online resource
|b cr
|2 rdacarrier
|
| 500 |
|
|
|a Also issued in print: 2022.
|
| 504 |
|
|
|a Includes bibliographical references and index.
|
| 520 |
8 |
|
|a Andreas Avgousti considers the modern problem of reputation by turning to the dialogues of Plato, to show that reputation is not only an issue for political elites, but that it is a quality that helps the wider citizenry to cohere, bringing together citizens and non-citizens. Avgousti argues that reputation is worth thinking about because it is a power that circulates among the many, linked to and sustained by myths and rumors, and it is a power that the many exercise through the social mechanisms of praise and blame.
|
| 521 |
|
|
|a Specialized.
|
| 588 |
|
|
|a Description based on online resource; title from home page (Oxford Academic, viewed March 31, 2023).
|
| 505 |
0 |
|
|a Introduction: Reputation, a Species of Opinion -- Socrates Before the Many -- Socrates Takes Leave of the Many -- The Coryphaeus' Challenge to the Many -- Cephalus' Challenge to the Many -- Demotic Power in Kallipolis -- Demotic Power and the Founder-Citizen in Magnesia -- Conclusion: Reputation for Democrats
|
| 600 |
0 |
0 |
|a Plato.
|
| 600 |
0 |
7 |
|a Plato
|2 fast
|
| 650 |
|
0 |
|a Reputation
|x Political aspects.
|
| 650 |
|
0 |
|a Politicians
|x Public opinion.
|
| 650 |
|
2 |
|a Public Opinion
|
| 650 |
|
6 |
|a Réputation
|x Aspect politique.
|
| 650 |
|
6 |
|a Politiciens
|x Opinion publique.
|
| 650 |
|
7 |
|a Politicians
|x Public opinion
|2 fast
|
| 655 |
|
7 |
|a Electronic books.
|2 local
|
| 758 |
|
|
|i has work:
|a RECOVERING REPUTATION (Text)
|1 https://id.oclc.org/worldcat/entity/E39PCXTV4qyWp8ymRp8M3gwm7d
|4 https://id.oclc.org/worldcat/ontology/hasWork
|
| 776 |
0 |
8 |
|i Print version :
|a Avgousti, Andreas.
|t Recovering reputation.
|d New York, NY : Oxford Universtiy Press, [2022]
|z 0197624081
|w (OCoLC)1285494015
|
| 856 |
4 |
0 |
|u http://proxy.library.tamu.edu/login?url=https://academic.oup.com/book/41835
|z Connect to the full text of this electronic book
|t 0
|
| 955 |
|
|
|a Oxford Scholarship Online
|
| 994 |
|
|
|a 92
|b TXA
|
| 999 |
f |
f |
|i e76873e5-4358-40ad-8f2f-113612de4d4a
|s 6c9952f2-90ae-4e33-8f4b-9d1fc714bd2e
|t 0
|
| 952 |
f |
f |
|a Texas A&M University
|b College Station
|c Electronic Resources
|s www_evans
|d Available Online
|t 0
|e JA76
|h Library of Congress classification
|
| 998 |
f |
f |
|a JA76
|t 0
|l Available Online
|